[Event "Lichtenberger Sommer 2023"]
[Site "Berlin"]
[Date "2023.08.15"]
[Round "4.96"]
[White "Franchina, Giuseppe"]
[Black "Nguyen, Viet Anh"]
[Result "0-1"]
[WhiteElo "1200"]
[BlackElo "1425"]
[PlyCount "94"]
[EventDate "2023.??.??"]
[WhiteTeam "vereinslos"]
[BlackTeam "SC Friesen Lichtenberg e.V."]

1. e4 c6 2. Nc3 d5 3. Nf3 Bg4 4. Be2 e6 5. O-O Bxf3 6. Bxf3 d4 7. Ne2 e5 8. Ng3
Nf6 9. d3 Nbd7 10. b3 g6 11. a4 Bg7 12. Ba3 c5 13. b4 b6 14. Ne2 g5 15. c3 g4
16. Bxg4 Nxg4 17. cxd4 exd4 18. Nf4 Nge5 19. a5 Bh6 20. Nd5 Nf6 21. f4 Nxd5 22.
fxe5 Ne3 23. Qh5 Nxf1 24. Rxf1 Be3+ 25. Kh1 Rf8 26. e6 Qe7 27. Qd5 Rc8 28. bxc5
bxc5 29. Bxc5 Rxc5 30. Qa8+ Qd8 31. Qxa7 Rc7 32. Qb6 fxe6 33. Qxe6+ Qe7 34.
Rxf8+ Kxf8 35. Qf5+ Qf7 36. Qxf7+ Kxf7 37. g4 Ra7 38. h4 Rxa5 39. Kg2 Ra2+ 40.
Kf3 Rf2+ 41. Kg3 Rd2 42. h5 Rxd3 43. e5 Ke6 44. Kh4 Kxe5 45. h6 Kf4 46. Kh5 Bf2
47. g5 Rh3# 0-1

[Event "Lichtenberger Sommer 2023"]
[Site "Berlin"]
[Date "2023.08.17"]
[Round "6.1"]
[White "Hesse, Henrik"]
[Black "Florstedt, Johannes"]
[Result "1-0"]
[WhiteElo "2266"]
[BlackElo "2386"]
[PlyCount "117"]
[EventDate "2023.??.??"]
[WhiteTeam "SV Mattnetz Berlin e.V."]
[BlackTeam "SF Berlin 1903 e.V."]

1. c4 e5 2. g3 c6 3. d4 e4 4. d5 Bb4+ 5. Bd2 Qe7 6. Bxb4 Qxb4+ 7. Qd2 Qxc4 8.
Nc3 Nf6 9. e3 Qc5 10. Rc1 O-O 11. Nxe4 Nxe4 12. Rxc5 Nxd2 13. Kxd2 d6 14. Rc1
c5 15. Nf3 Bf5 16. Bd3 Bxd3 17. Kxd3 Nd7 18. Rhd1 b5 19. b4 c4+ 20. Kd4 a5 21.
a4 axb4 22. axb5 c3 23. Kc4 Ra4 24. Nd4 Nb6+ 25. Kd3 Nxd5 26. Ra1 Rfa8 27. Rxa4
Rxa4 28. Kc4 Nb6+ 29. Kb3 Kf8 30. Nc2 Ke7 31. Rd4 Kd7 32. Rxb4 Ra5 33. e4 f5
34. f3 fxe4 35. fxe4 d5 36. Kxc3 dxe4 37. Rd4+ Kc7 38. Rxe4 Nd5+ 39. Kc4 Rxb5
40. Rh4 Ra5 41. Rxh7 Nb6+ 42. Kd3 Rg5 43. Nd4 Kc8 44. Ne6 Rd5+ 45. Ke4 g6 46.
Rc7+ Kb8 47. Rc6 Rb5 48. Nd4 Rb2 49. Rxg6 Nc4 50. h4 Rh2 51. Rg7 Kc8 52. Nf5
Kd8 53. Kf4 Ke8 54. Kg5 Kf8 55. h5 Ne5 56. h6 Nf7+ 57. Kg6 Ne5+ 58. Kf6 Re2 59.
h7 1-0

[Event "Lichtenberger Sommer 2023"]
[Site "Berlin"]
[Date "2023.08.17"]
[Round "6.2"]
[White "Lorenz, Sascha"]
[Black "Brüdigam, Martin"]
[Result "1/2-1/2"]
[WhiteElo "2261"]
[BlackElo "2362"]
[PlyCount "82"]
[EventDate "2023.??.??"]
[WhiteTeam "SK König Tegel 1949 e.V."]
[BlackTeam "SK König Tegel 1949 e.V."]

1. d4 d5 2. Nc3 Nf6 3. Bf4 Bf5 4. f3 e6 5. g4 Bg6 6. h4 h6 7. e3 a6 8. Bd3 Bxd3
9. cxd3 Bd6 10. Nge2 Bxf4 11. Nxf4 Nc6 12. Kf2 Qd6 13. g5 Nd7 14. Nce2 O-O-O
15. Qb3 e5 16. dxe5 Ndxe5 17. d4 Nc4 18. Ng2 Rhe8 19. Qc3 hxg5 20. b3 Na3 21.
hxg5 Nb5 22. Qd3 g6 23. a4 Nba7 24. Rh7 Rd7 25. Nef4 Nd8 26. Rah1 Nac6 27. Rc1
Qe7 28. Nxg6 Qxg5 29. N6f4 Rg8 30. Rh5 Qg3+ 31. Ke2 Kb8 32. Rch1 Ne6 33. R1h3
Ncxd4+ 34. Kf1 Qg7 35. exd4 Nxf4 36. Nxf4 Re7 37. Re5 Qg1+ 38. Ke2 Rxe5+ 39.
dxe5 Rg2+ 40. Nxg2 Qxg2+ 41. Ke3 Qxh3 1/2-1/2

[Event "Lichtenberger Sommer 2023"]
[Site "Berlin"]
[Date "2023.08.17"]
[Round "6.3"]
[White "Colpe, Malte"]
[Black "Fartmann, Oliver"]
[Result "1-0"]
[WhiteElo "2381"]
[BlackElo "2065"]
[PlyCount "45"]
[EventDate "2023.??.??"]
[WhiteTeam "Hamburger SK von 1830 eV"]
[BlackTeam "SV Mattnetz Berlin e.V."]

1. e4 c5 2. Nf3 e6 3. d4 cxd4 4. Nxd4 Nc6 5. Bf4 d6 6. Nxc6 bxc6 7. Bd3 e5 8.
Be3 Nf6 9. c4 Be7 10. Nc3 O-O 11. O-O Be6 12. Qe2 Ng4 13. Bd2 Bg5 14. Be1 Rb8
15. b3 g6 16. Rd1 f5 17. exf5 gxf5 18. h3 Nf6 19. f4 Bh6 20. fxe5 Ne4 21. Nxe4
fxe4 22. Rxf8+ Qxf8 23. Qxe4 1-0

[Event "Lichtenberger Sommer 2023"]
[Site "Berlin"]
[Date "2023.08.17"]
[Round "6.4"]
[White "Dathe, Frederick"]
[Black "Figura, Atila Gajo"]
[Result "0-1"]
[WhiteElo "2075"]
[BlackElo "2371"]
[PlyCount "88"]
[EventDate "2023.??.??"]
[WhiteTeam "SC Kreuzberg e.V."]
[BlackTeam "SC Friesen Lichtenberg e.V."]

1. c4 c5 2. Nc3 Nc6 3. g3 g6 4. Bg2 Bg7 5. Nf3 d6 6. O-O Bf5 7. d3 Qc8 8. Rb1
Bh3 9. Nd5 Bxg2 10. Kxg2 e6 11. Nc3 Nge7 12. Ne4 Qc7 13. Bf4 e5 14. Bg5 h6 15.
Bf6 Kf8 16. Bxe7+ Nxe7 17. Nc3 f5 18. Qd2 Kg8 19. b4 Kh7 20. Ne1 Qc6+ 21. e4
fxe4 22. dxe4 cxb4 23. Nd5 Nxd5 24. exd5 Qxc4 25. Rxb4 Qc7 26. h4 h5 27. Nf3
Bh6 28. Qd3 Qd7 29. Rfb1 b6 30. a4 Rac8 31. a5 bxa5 32. Rb7 Rc7 33. Qa6 Rhc8
34. Nxe5 dxe5 35. d6 Qe6 36. Qc6 Rxb7 37. Rxb7+ Bg7 38. Rc7 Rf8 39. Qb7 Qf6 40.
Qxa7 e4 41. d7 Qf3+ 42. Kg1 Rd8 43. Rb7 Qd1+ 44. Kg2 Bd4 0-1

[Event "Lichtenberger Sommer 2023"]
[Site "Berlin"]
[Date "2023.08.17"]
[Round "6.5"]
[White "Polatel, Ali"]
[Black "Förster, Jonas"]
[Result "1-0"]
[WhiteElo "2154"]
[BlackElo "2262"]
[PlyCount "210"]
[EventDate "2023.??.??"]
[WhiteTeam "SC Zugzwang 95 e.V."]
[BlackTeam "SV Empor Berlin e.V."]

1. Nf3 Nf6 2. b3 c5 3. Bb2 Nc6 4. c4 d6 5. d4 cxd4 6. Nxd4 Qa5+ 7. Qd2 Qxd2+ 8.
Nxd2 Bd7 9. Nc2 Bf5 10. Ne3 Bg6 11. g3 e6 12. Bg2 Be7 13. O-O O-O 14. Rad1 Rfd8
15. Nb1 Ne4 16. f3 Nc5 17. Nc3 h5 18. f4 Bf6 19. Rd2 a6 20. Rfd1 Nb4 21. h3
Rab8 22. g4 b5 23. cxb5 axb5 24. a3 Nxb3 25. axb4 Nxd2 26. Rxd2 d5 27. Ncd1
hxg4 28. Bxf6 gxf6 29. hxg4 d4 30. Nc2 d3 31. exd3 Rxd3 32. Rxd3 Bxd3 33. Nd4
Rd8 34. Nc6 Rd6 35. Nc3 Kg7 36. Kf2 Bc4 37. Be4 Rd2+ 38. Ke3 Rh2 39. Kd4 Rf2
40. f5 Rf4 41. Kc5 Rxg4 42. Nd4 Kf8 43. Bc6 exf5 44. Ncxb5 Bd3 45. Nd6 Rg1 46.
Nc4 Ke7 47. b5 Bxc4 48. Kxc4 Kd6 49. Nxf5+ Kc7 50. Ne3 Rc1+ 51. Kd5 f5 52. Nc4
f4 53. b6+ Kb8 54. Ne5 Rb1 55. Kc5 f5 56. Bd5 Rc1+ 57. Kb5 Rb1+ 58. Kc6 Rc1+
59. Bc4 Rd1 60. Nd3 Rb1 61. Nc5 f3 62. Nd7+ Kc8 63. b7+ Rxb7 64. Ba6 f2 65.
Bxb7+ Kd8 66. Ba6 Ke7 67. Nc5 Kf6 68. Nb3 Ke5 69. Kc5 Ke4 70. Bf1 Ke3 71. Kd5
f4 72. Kc4 Ke4 73. Kc3 Ke3 74. Kc2 Ke4 75. Kd2 f3 76. Nc5+ Kd4 77. Nd3 Ke4 78.
Nxf2+ Kd4 79. Bd3 Ke5 80. Ke3 Kd5 81. Be4+ Ke5 82. Bxf3 Kf5 83. Nd3 Kg5 84. Bd5
Kf5 85. Kf3 Kg5 86. Be4 Kf6 87. Kf4 Ke6 88. Kg5 Ke7 89. Kf5 Kf7 90. Bd5+ Ke7
91. Ke5 Kd7 92. Nc5+ Kc7 93. Ke6 Kb6 94. Nd3 Kb5 95. Bb3 Kc6 96. Ba4+ Kb6 97.
Kd6 Ka5 98. Be8 Kb6 99. Bd7 Kb7 100. Ne5 Kb6 101. Nc4+ Kb7 102. Bb5 Kc8 103.
Ke7 Kc7 104. Bd7 Kb7 105. Kd6 Ka6 1-0

[Event "Lichtenberger Sommer 2023"]
[Site "Berlin"]
[Date "2023.08.17"]
[Round "6.7"]
[White "Verbitsky, Jaroslaw"]
[Black "Möller, Dustin"]
[Result "1-0"]
[WhiteElo "1901"]
[BlackElo "2230"]
[PlyCount "81"]
[EventDate "2023.??.??"]
[WhiteTeam "SV Mattnetz Berlin e.V."]
[BlackTeam "Preetzer TSV"]

1. e4 c5 2. Nf3 Nc6 3. Bb5 Nf6 4. Nc3 g6 5. e5 Ng4 6. Bxc6 dxc6 7. h3 Nh6 8. g4
Bg7 9. d3 O-O 10. Qe2 f6 11. Be3 Nf7 12. exf6 exf6 13. O-O f5 14. g5 Re8 15.
Qd2 f4 16. Bxf4 Bxh3 17. Rfe1 Qd7 18. Kh2 Bg4 19. Ng1 Ne5 20. Bxe5 Bxe5+ 21. f4
Bc7 22. Ne4 Qf5 23. Kg3 Bh5 24. Nf6+ Kf7 25. Nh3 Rf8 26. Qe3 Bd6 27. Qe4 Qxe4
28. dxe4 Kg7 29. Re3 c4 30. Rf1 Bc5 31. Nxh5+ gxh5 32. Re2 h6 33. f5 hxg5 34.
Nxg5 Kh6 35. Ne6 Rg8+ 36. Kf3 Be7 37. e5 Bh4 38. Ke4 Rg4+ 39. Rf4 Re8 40. Rxg4
hxg4 41. Rh2 1-0

[Event "Lichtenberger Sommer 2023"]
[Site "Berlin"]
[Date "2023.08.17"]
[Round "6.8"]
[White "Hommel, Niclas"]
[Black "Kohler, Thomas"]
[Result "1/2-1/2"]
[WhiteElo "2043"]
[BlackElo "2172"]
[PlyCount "115"]
[EventDate "2023.??.??"]
[WhiteTeam "TSG Oberschöneweide e.V."]
[BlackTeam "SC Zitadelle Spandau 1977 e.V."]

1. e4 c5 2. Nf3 e6 3. d4 cxd4 4. Nxd4 a6 5. Bd3 Bc5 6. Nb3 Be7 7. Qg4 g6 8. Qe2
d6 9. O-O Nd7 10. a4 b6 11. Nc3 Bb7 12. f4 Qc7 13. Be3 Ngf6 14. Rae1 O-O 15. h3
Nh5 16. Qf2 Qd8 17. g3 Rc8 18. f5 Bf6 19. Be2 Ng7 20. Bf3 Ne5 21. Bg2 exf5 22.
Bxb6 Qd7 23. Na5 Nc4 24. e5 Bxg2 25. exf6 Bxf1 26. fxg7 Rfe8 27. Rxe8+ Rxe8 28.
Kxf1 Nxb6 29. Qxb6 Qe6 30. Qf2 h5 31. Kg2 Qc8 32. Nb3 Re5 33. Qf3 Qc4 34. Qd3
Qc6+ 35. Qf3 Qc4 36. Kf2 h4 37. Qf4 hxg3+ 38. Kxg3 Qxf4+ 39. Kxf4 Kxg7 40. Nd2
f6 41. Nc4 Rc5 42. Ne3 g5+ 43. Kf3 Kf7 44. Ned1 Ke6 45. Nf2 Rc4 46. Ke3 d5 47.
Ne2 f4+ 48. Kd3 Rxa4 49. Nd4+ Ke5 50. Ng4+ Kd6 51. Nxf6 Ra1 52. Nf3 Rh1 53.
Nxg5 Rg1 54. Ng4 Rg3+ 55. Kd4 Rg2 56. Kd3 Rg3+ 57. Kd4 Rg2 58. Kd3 1/2-1/2

[Event "Lichtenberger Sommer 2023"]
[Site "Berlin"]
[Date "2023.08.17"]
[Round "6.9"]
[White "Nötzel, Felix"]
[Black "Bui, Bao Anh Le"]
[Result "1/2-1/2"]
[WhiteElo "2169"]
[BlackElo "2162"]
[PlyCount "101"]
[EventDate "2023.??.??"]
[WhiteTeam "SF Berlin 1903 e.V."]
[BlackTeam "SV Mattnetz Berlin e.V."]

1. c4 Nf6 2. Nc3 c5 3. Nf3 d5 4. cxd5 Nxd5 5. g3 Nc6 6. Bg2 Nc7 7. O-O e5 8. d3
Be7 9. Nd2 O-O 10. Nc4 f6 11. a4 Be6 12. a5 Qd7 13. Qa4 Na6 14. Be3 Rac8 15.
Rfc1 Rfd8 16. Qb5 Rc7 17. h4 Qc8 18. Nb6 axb6 19. axb6 Nd4 20. Bxd4 exd4 21.
bxc7 Nxc7 22. Qxb7 Qxb7 23. Bxb7 dxc3 24. bxc3 Rb8 25. Rcb1 Nd5 26. Bxd5 Rxb1+
27. Rxb1 Bxd5 28. e4 Be6 29. d4 Kf7 30. Rb7 Ke8 31. f4 Bd7 32. Kf2 f5 33. e5
Bc6 34. Rb8+ Kf7 35. Ke3 c4 36. Rb6 Bd5 37. Ra6 h5 38. Ra5 Ke6 39. Ra6+ Kf7 40.
Ra7 g6 41. Ra6 Bf8 42. Kd2 Be7 43. Kc1 Bf8 44. Kb2 Be7 45. Rb6 Bf8 46. Rf6+ Kg7
47. Rxf8 Kxf8 48. Ka3 Ke7 49. Kb4 Kd7 50. Kc5 Ke6 51. Kb5 1/2-1/2

[Event "Lichtenberger Sommer 2023"]
[Site "Berlin"]
[Date "2023.08.17"]
[Round "6.10"]
[White "Vogel, Robert"]
[Black "Hommer, Jeremy"]
[Result "1/2-1/2"]
[WhiteElo "2104"]
[BlackElo "2308"]
[PlyCount "165"]
[EventDate "2023.??.??"]
[WhiteTeam "SK München Südost e.V."]
[BlackTeam "Hamburger SK von 1830 eV"]

1. g3 d5 2. Bg2 e5 3. d3 Nf6 4. Nf3 Bd6 5. O-O O-O 6. Nc3 c6 7. e4 dxe4 8. Nxe4
Nxe4 9. dxe4 a5 10. Be3 Na6 11. Qe2 Qe7 12. Rad1 Bc5 13. Rd2 f6 14. Rfd1 Be6
15. a3 Rfd8 16. Bxc5 Nxc5 17. Qe3 b6 18. Bf1 Kf7 19. h3 Rxd2 20. Rxd2 Rd8 21.
Kh2 Rd6 22. Be2 Nd7 23. Kg2 Qf8 24. Nh4 Nc5 25. Nf3 Qd8 26. Rxd6 Qxd6 27. b4
Nd7 28. Qc3 axb4 29. axb4 c5 30. b5 Ke7 31. Bc4 Nf8 32. Nd2 Bd7 33. Qd3 Qd4 34.
c3 Qxd3 35. Bxd3 Ne6 36. c4 Nc7 37. Nb1 Be6 38. Nc3 Kd6 39. Na4 Na8 40. h4 Kc7
41. Nc3 Kb7 42. Nd1 Nc7 43. Ne3 Ne8 44. f3 Nd6 45. Kf2 Kc7 46. h5 Kd7 47. g4
Ke7 48. Kg3 Kf7 49. Kf2 g6 50. hxg6+ hxg6 51. Kg3 Kg7 52. Kh3 Kh6 53. Kh4 Nb7
54. Nd1 Nd6 55. Ne3 Kg7 56. Kg3 Kh7 57. Kh3 Nc8 58. Nd1 Ne7 59. Ne3 Bf7 60. Nd1
Kg8 61. Ne3 Kg7 62. Kg3 Kh6 63. Kh4 Be6 64. Bc2 Nc8 65. Bb1 Bf7 66. Bc2 Nd6 67.
Bd3 Be6 68. Kh3 Kg5 69. Kg3 f5 70. gxf5 gxf5 71. exf5 Bxf5 72. Bf1 Be6 73. Bd3
Ne8 74. Be4 Nf6 75. Bd5 Nxd5 76. cxd5 Bd7 77. Nc4 Bxb5 78. Nxb6 Kf6 79. f4 e4
80. Kf2 c4 81. d6 Ke6 82. d7 Bxd7 83. Nxc4 1/2-1/2

[Event "Lichtenberger Sommer 2023"]
[Site "Berlin"]
[Date "2023.08.17"]
[Round "6.11"]
[White "Holinka, Henning"]
[Black "Heuser, Philip"]
[Result "1-0"]
[WhiteElo "2241"]
[BlackElo "2061"]
[PlyCount "83"]
[EventDate "2023.??.??"]
[WhiteTeam "Hamburger SK von 1830 eV"]
[BlackTeam "Münchener SC 1836 e.V."]

1. e4 c6 2. Nc3 d5 3. Nf3 dxe4 4. Nxe4 Nf6 5. Qe2 Nxe4 6. Qxe4 Qd5 7. Qh4 Qe6+
8. Be2 Qg4 9. Qg3 Qxg3 10. hxg3 Bg4 11. d4 e6 12. Be3 Nd7 13. c4 Nf6 14. O-O-O
Bd6 15. Bd3 Bxf3 16. gxf3 O-O-O 17. Be2 h5 18. Rh3 g6 19. Rdh1 Rhe8 20. f4 Bf8
21. f3 Bg7 22. Rd1 Kc7 23. Kc2 Rd7 24. Rhh1 Red8 25. Rd2 Ng8 26. Rhd1 Ne7 27.
g4 Rh8 28. d5 exd5 29. Bxa7 Ra8 30. Bc5 b6 31. Bxe7 Rxe7 32. cxd5 cxd5 33. Kb1
Ra4 34. Rc2+ Kb7 35. gxh5 Rxf4 36. hxg6 fxg6 37. Rxd5 Rh4 38. Rd1 Bd4 39. Bd3
g5 40. Be4+ Rhxe4 41. fxe4 Rxe4 42. Rc4 1-0

[Event "Lichtenberger Sommer 2023"]
[Site "Berlin"]
[Date "2023.08.17"]
[Round "6.12"]
[White "Tscheuschner, Georg"]
[Black "Wirth, Heinz"]
[Result "1-0"]
[WhiteElo "2229"]
[BlackElo "2060"]
[PlyCount "113"]
[EventDate "2023.??.??"]
[WhiteTeam "SV Mattnetz Berlin e.V."]
[BlackTeam "SC Weisse Dame e.V."]

1. Nf3 Nf6 2. c4 g6 3. d4 Bg7 4. g3 c6 5. Nc3 d5 6. Qb3 dxc4 7. Qxc4 O-O 8. Bg2
Qa5 9. O-O Be6 10. Qd3 Na6 11. e4 Nb4 12. Qb1 Qh5 13. a3 Na6 14. Ng5 h6 15.
Nxe6 fxe6 16. h3 c5 17. e5 Nd5 18. Nxd5 exd5 19. g4 Qh4 20. Qxg6 Nc7 21. Be3 e6
22. f4 cxd4 23. Rac1 Qe7 24. Bxd4 Qf7 25. Qd3 Rfe8 26. f5 exf5 27. Rxf5 Qd7 28.
e6 Qb5 29. Qd2 Bxd4+ 30. Qxd4 Nxe6 31. Qf6 Qb6+ 32. Kh1 Ng7 33. Bxd5+ Kh7 34.
Qxb6 axb6 35. Rf7 Rad8 36. Bg2 Kg6 37. Rxb7 Rd6 38. Rbc7 h5 39. R7c6 Ree6 40.
Rxd6 Rxd6 41. Rc6 Rxc6 42. Bxc6 hxg4 43. hxg4 Ne6 44. Kg2 Kg5 45. Bd7 Nf4+ 46.
Kf3 Nd3 47. Ke3 Nxb2 48. Kd4 Kf4 49. Kc3 Nd1+ 50. Kb4 Ne3 51. Kb5 Kg5 52. Be6
Nc2 53. a4 Nd4+ 54. Kxb6 Nxe6 55. a5 Nf4 56. a6 Nd5+ 57. Kb7 1-0

[Event "Lichtenberger Sommer 2023"]
[Site "Berlin"]
[Date "2023.08.17"]
[Round "6.13"]
[White "Tiarks, Jann-Christian"]
[Black "Pueschel, Werner"]
[Result "1/2-1/2"]
[WhiteElo "2211"]
[BlackElo "2054"]
[PlyCount "83"]
[EventDate "2023.??.??"]
[WhiteTeam "SC Empor Potsdam 1952 e.V."]
[BlackTeam "vereinslos"]

1. e4 c5 2. c3 Nf6 3. e5 Nd5 4. Nf3 e6 5. d4 cxd4 6. cxd4 b6 7. Nc3 Nxc3 8.
bxc3 Bb7 9. Bd3 Nc6 10. O-O Rc8 11. Ng5 Be7 12. Ne4 Na5 13. Qg4 Kf8 14. f4 Bxe4
15. Bxe4 Rxc3 16. f5 h5 17. Qf4 f6 18. Bb2 Rc8 19. d5 Bc5+ 20. Kh1 Nc4 21. exf6
gxf6 22. fxe6 Nxb2 23. Qg5 Bd4 24. Qg6 dxe6 25. dxe6 Qe7 26. Rac1 Rc5 27. Bc2
h4 28. Qe4 Be5 29. Bb3 Kg7 30. Qg4+ Kf8 31. Rce1 h3 32. Re2 a5 33. Rd2 hxg2+
34. Rxg2 Rxh2+ 35. Rxh2 Bxh2 36. Kxh2 a4 37. Qh4 Kg7 38. Rg1+ Rg5 39. Rxg5+
fxg5 40. Qd4+ Qf6 41. Qd7+ Kh6 42. e7 1/2-1/2

[Event "Lichtenberger Sommer 2023"]
[Site "Berlin"]
[Date "2023.08.17"]
[Round "6.14"]
[White "Braeunlin, Herbert"]
[Black "Hess, Christian"]
[Result "1/2-1/2"]
[WhiteElo "2040"]
[BlackElo "2210"]
[PlyCount "36"]
[EventDate "2023.??.??"]
[WhiteTeam "Bräunlin Kolb Schälicke Al"]
[BlackTeam "FC ST.Pauli 1910 eV SAbt"]

1. e4 c5 2. Nf3 e6 3. d3 Nc6 4. g3 d5 5. Nbd2 Bd6 6. Bg2 Nge7 7. O-O O-O 8. Re1
Qc7 9. Qe2 f6 10. c3 Bd7 11. d4 cxd4 12. Nxd4 Nxd4 13. cxd4 Rac8 14. Nb3 Qc2
15. Bd2 Qxb2 16. Reb1 Qc2 17. Rc1 Qb2 18. Rcb1 Qc2 1/2-1/2

[Event "Lichtenberger Sommer 2023"]
[Site "Berlin"]
[Date "2023.08.17"]
[Round "6.15"]
[White "Zackrisson, Peter"]
[Black "Hoffmann, Kay"]
[Result "1/2-1/2"]
[WhiteElo "2204"]
[BlackElo "2036"]
[PlyCount "70"]
[EventDate "2023.??.??"]
[WhiteTeam "USV Potsdam e.V., Abt. Schach"]
[BlackTeam "Barnimer SF im SV Sta"]

1. d4 Nf6 2. c4 e6 3. g3 Bb4+ 4. Nd2 d5 5. Bg2 c6 6. Qc2 O-O 7. Ngf3 Nbd7 8.
O-O b6 9. e4 dxe4 10. Nxe4 Nxe4 11. Qxe4 Nf6 12. Qe2 Bb7 13. Rd1 Qc7 14. c5
bxc5 15. a3 Ba5 16. dxc5 Qe7 17. b4 Bc7 18. Nd4 Qe8 19. Bb2 Nd5 20. Nc2 Rd8 21.
Rd4 e5 22. Rd2 Qe6 23. Re1 Rfe8 24. Ne3 Qg6 25. Nxd5 cxd5 26. b5 Ba5 27. c6
Bxd2 28. Qxd2 Bc8 29. Bxe5 f6 30. Bd4 Rxe1+ 31. Qxe1 Re8 32. Bxd5+ Kh8 33. Be3
Qd3 34. Bf7 Re7 35. Bh5 Qxb5 1/2-1/2

[Event "Lichtenberger Sommer 2023"]
[Site "Berlin"]
[Date "2023.08.17"]
[Round "6.16"]
[White "Beyer, Lorenz"]
[Black "Petersen, Soren Boeck"]
[Result "1/2-1/2"]
[WhiteElo "1994"]
[BlackElo "2179"]
[PlyCount "40"]
[EventDate "2023.??.??"]
[WhiteTeam "Barnimer SF im SV Sta"]
[BlackTeam "vereinslos"]

1. d4 d5 2. Bf4 Nf6 3. e3 e6 4. Nf3 c5 5. c3 Nc6 6. Nbd2 Bd6 7. Ne5 Qc7 8. Ndf3
Nd7 9. Nxc6 Bxf4 10. exf4 bxc6 11. Qd2 O-O 12. Rc1 Qb6 13. Ne5 Rb8 14. b3 f6
15. Nxd7 Bxd7 16. Be2 Qa5 17. Rc2 Rfc8 18. dxc5 Qxc5 19. O-O Be8 20. Bd3 Qd6
1/2-1/2

[Event "Lichtenberger Sommer 2023"]
[Site "Berlin"]
[Date "2023.08.17"]
[Round "6.17"]
[White "Nöldner, Julian"]
[Black "Bolon, Karelle"]
[Result "1-0"]
[WhiteElo "2175"]
[BlackElo "1899"]
[PlyCount "45"]
[EventDate "2023.??.??"]
[WhiteTeam "SF Nordost Berlin"]
[BlackTeam "SF Berlin 1903 e.V."]

1. d4 e6 2. Nf3 d5 3. Bf4 Bd6 4. e3 Ne7 5. Bd3 c5 6. Bg3 c4 7. Be2 Nf5 8. O-O
Nxg3 9. hxg3 f5 10. b3 cxb3 11. axb3 Nc6 12. c4 Qf6 13. Nc3 Ne7 14. Qd3 h5 15.
cxd5 exd5 16. Nxd5 Nxd5 17. Qb5+ Bd7 18. Qxd5 a6 19. Qxb7 Rb8 20. Qd5 Bb5 21.
Bxb5+ Rxb5 22. Qc6+ Kf7 23. Rxa6 1-0

[Event "Lichtenberger Sommer 2023"]
[Site "Berlin"]
[Date "2023.08.17"]
[Round "6.18"]
[White "Jahn, Thomas"]
[Black "Möller, Jared William"]
[Result "1/2-1/2"]
[WhiteElo "2173"]
[BlackElo "1979"]
[PlyCount "66"]
[EventDate "2023.??.??"]
[WhiteTeam "SV Empor Berlin e.V."]
[BlackTeam "SV Glück auf Rüdersdorf e.V."]

1. e4 c5 2. Nf3 Nc6 3. d4 cxd4 4. Nxd4 Nf6 5. Nc3 e5 6. Ndb5 d6 7. Bg5 a6 8.
Na3 b5 9. Bxf6 gxf6 10. Nd5 f5 11. g3 fxe4 12. Bg2 Bg7 13. Bxe4 Be6 14. c3 Rc8
15. Nc2 O-O 16. O-O f5 17. Bg2 Ne7 18. Nxe7+ Qxe7 19. Ne3 Kh8 20. Bd5 f4 21.
Bxe6 Qxe6 22. Qd5 Qh3 23. Nc2 Rf6 24. Qg2 Qf5 25. f3 fxg3 26. hxg3 Bh6 27. Rae1
Rg8 28. g4 Rfg6 29. Rf2 Qf7 30. Ne3 Bxe3 31. Rxe3 Qxa2 32. Qh2 Qe6 33. Rd2 Rf6
1/2-1/2

[Event "Lichtenberger Sommer 2023"]
[Site "Berlin"]
[Date "2023.08.17"]
[Round "6.19"]
[White "Brinkmann, Fabian"]
[Black "Muskewitz, Bernd"]
[Result "1-0"]
[WhiteElo "2147"]
[BlackElo "1879"]
[PlyCount "55"]
[EventDate "2023.??.??"]
[WhiteTeam "Hamburger SK von 1830 eV"]
[BlackTeam "SF Nordost Berlin"]

1. d4 Nf6 2. Nf3 e6 3. g3 b6 4. Bg2 Bb7 5. Bg5 h6 6. Bxf6 Qxf6 7. Nbd2 c5 8. c3
cxd4 9. cxd4 Bb4 10. O-O Bxd2 11. Qxd2 O-O 12. Rfc1 Qd8 13. Ne5 Bxg2 14. Kxg2
d6 15. Nd3 Na6 16. Qc3 Qc8 17. Rc2 Qb7+ 18. Qc6 Qxc6+ 19. Rxc6 Rfd8 20. Rac1
Kf8 21. b4 Ke7 22. b5 Nb8 23. Rc7+ Rd7 24. Rc8 Rd8 25. Nb4 Rxc8 26. Rxc8 Kd7
27. Rf8 Ke7 28. Rxb8 1-0

[Event "Lichtenberger Sommer 2023"]
[Site "Berlin"]
[Date "2023.08.17"]
[Round "6.20"]
[White "Wadepfuhl, Jeremy"]
[Black "Niehaus, Frank"]
[Result "0-1"]
[WhiteElo "1789"]
[BlackElo "2145"]
[PlyCount "62"]
[EventDate "2023.??.??"]
[WhiteTeam "SC Borussia Lichtenberg"]
[BlackTeam "SK König Tegel 1949 e.V."]

1. e4 c5 2. Nf3 d6 3. Bb5+ Bd7 4. Bxd7+ Qxd7 5. c4 Nc6 6. Nc3 g6 7. d4 cxd4 8.
Nxd4 Bg7 9. Be3 Nh6 10. f3 f5 11. exf5 Nxf5 12. Nxf5 Qxf5 13. O-O O-O 14. Qd2
Kh8 15. Rad1 Rad8 16. Bh6 Bxh6 17. Qxh6 Qc5+ 18. Kh1 Qxc4 19. Rfe1 Qf4 20. Qxf4
Rxf4 21. Nd5 Rf7 22. Re6 Rd7 23. Rde1 Kg7 24. f4 Kf8 25. g4 Nd8 26. f5 gxf5 27.
gxf5 Rxf5 28. Nxe7 Rf7 29. Nc8 Nxe6 30. Rxe6 d5 31. Nd6 Rde7 0-1

[Event "Lichtenberger Sommer 2023"]
[Site "Berlin"]
[Date "2023.08.17"]
[Round "6.21"]
[White "Allgaier, Erik"]
[Black "Oppermann, Peter"]
[Result "1-0"]
[WhiteElo "1922"]
[BlackElo "1796"]
[PlyCount "39"]
[EventDate "2023.??.??"]
[WhiteTeam "SC Hans Clauert Trebbin"]
[BlackTeam "SK Bad Harzburg"]

1. f4 d5 2. Nf3 g6 3. c3 Bg7 4. g3 c5 5. d3 Nc6 6. Bg2 Nf6 7. O-O O-O 8. Na3 a6
9. Ne5 Qc7 10. Nxc6 Qxc6 11. c4 Be6 12. cxd5 Nxd5 13. e4 Bd4+ 14. Kh1 Ne3 15.
Bxe3 Bxe3 16. Nc2 Bd4 17. f5 gxf5 18. Nxd4 cxd4 19. exf5 Bd5 20. Qg4+ 1-0

[Event "Lichtenberger Sommer 2023"]
[Site "Berlin"]
[Date "2023.08.17"]
[Round "6.22"]
[White "Ho, Ngoc Hai-Dang"]
[Black "Zur, Jan"]
[Result "0-1"]
[WhiteElo "1782"]
[BlackElo "2122"]
[PlyCount "78"]
[EventDate "2023.??.??"]
[WhiteTeam "SV Mattnetz Berlin e.V."]
[BlackTeam "SC Rotation Pankow e.V."]

1. e4 e5 2. Nf3 Nf6 3. Nxe5 d6 4. Nf3 Nxe4 5. d4 d5 6. Bd3 Nc6 7. O-O Be7 8. c4
Nb4 9. Be2 O-O 10. Nc3 Bf5 11. a3 Nxc3 12. bxc3 Nc6 13. Bf4 Rc8 14. c5 Bf6 15.
Qa4 a6 16. Qb3 Rb8 17. Rfe1 b5 18. a4 Na5 19. Qb4 Nc6 20. Qb2 b4 21. Bxa6 bxc3
22. Qxc3 Nb4 23. Bb5 Nc2 24. Ne5 Rb7 25. Nc6 Qa8 26. Ne7+ Bxe7 27. Rxe7 Nxa1
28. Rxc7 Rxc7 29. Bxc7 Nc2 30. g4 Bg6 31. Bd6 Rd8 32. Be7 Rc8 33. c6 Qa7 34.
Qc5 Qa5 35. Bg5 Qe1+ 36. Kg2 Qe4+ 37. f3 Ne1+ 38. Kf2 Nxf3 39. Be3 Nxh2 0-1

[Event "Lichtenberger Sommer 2023"]
[Site "Berlin"]
[Date "2023.08.17"]
[Round "6.23"]
[White "Syre, Christian"]
[Black "Nieber, Alexander"]
[Result "1-0"]
[WhiteElo "2119"]
[BlackElo "1843"]
[PlyCount "91"]
[EventDate "2023.??.??"]
[WhiteTeam "SC Kreuzberg e.V."]
[BlackTeam "SG Aufbau Elbe Magdeburg"]

1. Nf3 Nf6 2. c4 g6 3. Nc3 d5 4. cxd5 Nxd5 5. e4 Nxc3 6. dxc3 Qxd1+ 7. Kxd1 Bg7
8. Bf4 c6 9. Kc2 Nd7 10. a4 Nf6 11. Bd3 Bg4 12. Nd2 Be6 13. f3 Nd7 14. Nc4 Bxc4
15. Bxc4 e5 16. Be3 Bf8 17. Rhd1 f6 18. Be6 Nc5 19. Bxc5 Bxc5 20. Rd7 b5 21.
Rad1 Bb6 22. Rb7 Rd8 23. Bd7+ Kf8 24. Rd6 bxa4 25. Rxf6+ Kg7 26. Re6 Rb8 27.
Bxc6+ Rxb7 28. Bxb7 Bg1 29. Rxe5 Bxh2 30. Ra5 Rd8 31. Bd5 Rd7 32. Rxa4 h5 33.
b4 Kf6 34. Ra6+ Kg5 35. c4 Rg7 36. Kd3 Kf4 37. c5 Kg3 38. Ra2 Bg1 39. Kc4 Rc7
40. Kb5 Bf2 41. f4 Kxg2 42. f5 gxf5 43. exf5+ Kg1 44. f6 Bd4 45. f7 Bg7 46.
Rg2+ 1-0

[Event "Lichtenberger Sommer 2023"]
[Site "Berlin"]
[Date "2023.08.17"]
[Round "6.24"]
[White "Oldenburg, Theo"]
[Black "Stark, Ingo"]
[Result "0-1"]
[WhiteElo "1424"]
[BlackElo "2106"]
[PlyCount "50"]
[EventDate "2023.??.??"]
[WhiteTeam "SV Berolina Mitte e.V."]
[BlackTeam "TSG Oberschöneweide e.V."]

1. e4 c5 2. Nf3 d6 3. Bb5+ Nd7 4. c4 Ngf6 5. Nc3 g6 6. e5 dxe5 7. Nxe5 a6 8.
Ba4 Bg7 9. d4 cxd4 10. Qxd4 O-O 11. Nxd7 Nxd7 12. Qd3 Qa5 13. Bxd7 Bxd7 14. Bd2
Qe5+ 15. Kf1 Bf5 16. Qf3 Qd4 17. Rd1 Bc2 18. Ne2 Qd7 19. Ng3 Bxd1 20. Qxd1 Rfd8
21. Ke1 Bxb2 22. h4 Rac8 23. h5 Rxc4 24. hxg6 Rc1 25. gxh7+ Kh8 0-1